| 000 | 00388nam a22001337a 4500 | ||
|---|---|---|---|
| 020 | _a9781617295454 | ||
| 040 | _cNUST | ||
| 082 | _a006.3 MOR | ||
| 100 |
_aMorales, Miguel _997898 |
||
| 245 | _aGrokking Deep Reinforcement Learning | ||
| 260 |
_aShelter Island; _bManning, _c2020. |
||
| 650 |
_aArtificial intelligence. Computer programming. Python.NUSTTB2022 _9102804 |
||
| 942 |
_2ddc _cBK |
||
| 999 |
_c591199 _d591199 |
||